Datum a čas kvízu
26.5
Celkem bodů
Celkový počet nahraných bodů na tomto kvízu bez doplňovacích otázek.
8.
Pořadí na kvízu
Konečné umístění týmu na tomto kvízu.
Zaznamenané odpovědi
| # | Otázka | Odpověď | Body | Výsledky |
|---|---|---|---|---|
| 1. | Minulý týden navštívila Českou... | Evropský parlament | 1 | |
| 2. | Ve kterém německém městě se mi... | v Mnichově | 1 | |
| 3. | Minulý týden zemřel kreslíř Pa... | Respekt | 1 | |
| 4. | Nejstarší hračkářství na světě... | Hamleys | 1 | |
| 5. | Pražská Sparta si z úvodního z... | 3:2 | 1 | |
| 6. | Obec s nejdelším názvem v Česk... | A | 1 | |
| 7. | Česká republika se dělí na 14... | Karlovy Vary, Jihlava | 0.5 | |
| 8. | Nejvýše položená železniční st... | Kubova | 0 | |
| 9. | V této otázce bude potřeba k z... | 1D 2C 3A 4B | 0 | |
| 10. | V České republice jsou čtyři ú... | Krkonošský NP | 1 |